Statistiken für Meine Lieblingspokemon

Klicken Sie hier um das Quiz zu spielen!

Allgemein

  • Dieses Quiz wurde 37 mal gespielt
  • Das Durchschnittsergebnis liegt bei 7 aus 50

Antwortstatistiken

NummerPokemon% Korrekt
8Arktos
52%
36Lavados
52%
21Rayquaza
52%
37Evoli
48%
34Lugia
44%
6Ho-oh
37%
13Arceus
33%
45Panferno
30%
24Gewaldro
26%
29Suicune
26%
43Despotar
22%
26Knakrack
19%
17Quajutsu
19%
12Zamazenta
19%
7Zygarde
19%
4
Xerneas
15%
9Kyurem
15%
1Yveltal
15%
23Zacian
15%
39Libelldra
11%
3Reshiram
11%
15Vulnona
11%
20Luxtra
7%
42Milotic
7%
41Staraptor
7%
40Trikephalo
7%
18Zeraora
7%
27Amagarga
4%
35Azugladis
4%
2Baojian
4%
22Beatori
4%
46Cryospino
4%
10
Windewoge
4%
14Donnersichel
4%
38Dragonir
4%
33Drapfel
4%
30Eisenhaupt
4%
32Hydrapfel
4%
44Intelleon
4%
19Keilflamme
4%
49Kolowal
4%
11Koraidon
4%
16Kriechflügel
4%
50Mopex
4%
48Schwalboss
4%
31Skelokrok
4%
28Suelord
4%
5UHaFnir
4%
47Voltrean
4%
25Yuyu
4%

Verteilung der Resultate

Perzentil nach korrekt beantworteten Fragen

Anzahl Personen mit jedem Resultat

Ihre Resultats-Entwicklung

Sie haben dieses Quiz noch nicht gespielt